000 00669nam a2200193Ia 4500
003 GCL
008 140319s9999 xx 000 0 ara d
040 _aGCL /
_cGCL
082 0 4 _aخ
_b5000
_bK27
100 1 _aالهيئة المصرية العامة للمساحة
245 1 0 _aالقاهرة LE CAIRE K27 مقياس الرسم 1:5000 /
_cالهيئة المصرية العامة للمساحة
260 _a[S.N] :
_bالهيئة المصرية العامة للمساحة ،
_c1985
490 _a
650 0 4 _aالخرائط
650 0 4 _aالقاهرة
650 0 4 _aمصنع الحديد والصلب
650 0 4 _aعرب العنوة
942 _2ddc
_cBK
999 _c36333
_d36333